| 000 | 00376 a2200169 4500 | ||
|---|---|---|---|
| 001 | 69079 | ||
| 020 | _a850807736-x | ||
| 040 | _cAnchieta - Itaigara | ||
| 100 | _aAndrade, Carlos Drummond de | ||
| 240 | 1 | 0 |
_aRick e a girafa _lpor |
| 245 | 1 | 0 | _aRick e a girafa |
| 300 | _a109 | ||
| 362 | 0 | _a2002 | |
| 440 | 1 | _aÁtica | |
| 650 | 4 | _aLiteratura infanto-juvenil | |
| 942 | _cBK | ||
| 999 |
_c69079 _d69079 |
||